Hollywood Walk of Fame - All The Williams - Statistics

General Stats
  • This quiz has been taken 54 times
  • The average score is 3 of 16
Answer Stats
Category Genre Born Name % Correct
movies actor 1951 Robin
65%
recording country 1923 Hank
53%
recording crooner 1927 Andy
47%
movies actor 1921 Esther
27%
recording composer 1940 Paul
22%
television actor 1915 Bill
20%
recording R & B 1973 Pharrell
18%
recording pianist 1924 Roger
18%
recording R & B 1963 Vanessa
18%
recording jazz 1918 Joe
12%
movies actor 1937 Billy Dee
10%
television actor 1947 Cindy
10%
radio Western swing 1917 Tex
8%
movies actor 1924 Guy
6%
movies silent 1880 Earle
4%
movies silent 1879 Kathlyn
4%
No matching quizzes found
Score Distribution
Percent of People with Each Score
Percentile by Number Answered
Your Score History
You have not taken this quiz